000 01127nac a22002531u 4500
010 _a 2003066144
020 _a0333968328 (paper)
082 0 0 _a658.872
_bGRO
090 _c8403
_d8403
100 _aGroucutt, Jon.
245 1 0 _aMastering e-business /
_cJonathan Groucutt and Paul Griseri.
260 _aHoundmills, Basingstoke, Hampshire ;
_aNew York :
_bPalgrave Macmillan,2004.
_c2004.
300 _axvii, 280 p. :
_bill. ;
_c24 cm.
440 0 _aPalgrave master series
500 _aDistributer: Al-Ahram
504 _aIncludes bibliographical references and indexes.
511 _aCatalogued by: Sara
650 0 _aElectronic commerce
_xManagement.
700 1 _aGriseri, Paul.
856 4 2 _3Contributor biographical information
_uhttp://www.loc.gov/catdir/bios/hol056/2003066144.html
856 4 2 _3Publisher description
_uhttp://www.loc.gov/catdir/description/hol053/2003066144.html
856 4 2 _3Table of contents
_uhttp://www.loc.gov/catdir/toc/fy046/2003066144.html
942 _cBB
_k658.872GRO
999 _c8403
_d8403